000 01715nam a2200229 a 4500
003 PILC
005 20160205101603.0
008 120910s19uu xx 00 eng d
020 _a9780857021274
050 _aBF 636.6
_b.F37 2012
100 _aFaris, Ariana.
245 _aIntegrative counselling & psychotherapy :
_ba relational approach /
_cAriana Faris and Els van Ooijen.
260 _aLos Angeles, CA :
_bSAGE,
_c2012.
300 _ax, 176 pages :
_billustrations ;
_c26 cm.
500 _aIncludes bibliographical references and indexes.
520 _aIn an accessible and user friendly manner, this book offers a relational and social constructionist framework for the integration of the three most popular counseling and psychotherapy modalities: humanistic, psychodynamic and cognitive-behavioral including mindfulness and compassion based approaches. It is a guide to the history of integration in the field of psychotherapy and counseling, the nature of psychotherapeutic integration, different models of integration, what it means to work relationally, working with the Relational-Integrative Model (RIM) for a range of professional issues, including ethics, research, supervision, therapist self-care and personal development. The authors show how their coherent, flexible theoretical model can be used in brief and long-term therapy for a wide range of client issues. Brimming with vivid case examples, mind-maps and therapeutic dialogue, this invaluable book will help develop the theoretical knowledge and skills base of students, trainers and practitioners.
650 _aCounseling.
650 _aPsychotherapy.
700 _aOoijen, Els van.
942 _cBK
_2lcc
_kFOR
999 _c22136
_d22136